Once upon a Time Is Now : A Kalahari Memoir.

Bibliographic Details
Main Author: Biesele, Megan.
Format: eBook
Language:English
Published: New York, NY : Berghahn Books, Incorporated, 2023.
Edition:1st ed.
Subjects:
Online Access:Click to View
LEADER 01975nam a22003853i 4500
001 EBC29440797
003 MiAaPQ
005 20240729202204.0
006 m o d |
007 cr cnu||||||||
008 240729s2023 xx o ||||0 eng d
020 |a 9781800738805  |q (electronic bk.) 
020 |z 9781800738812 
035 |a (MiAaPQ)EBC29440797 
035 |a (Au-PeEL)EBL29440797 
035 |a (OCoLC)1375999660 
040 |a MiAaPQ  |b eng  |e rda  |e pn  |c MiAaPQ  |d MiAaPQ 
050 4 |a GN21.B4739 A3 2023 
082 0 |a 301.092 
100 1 |a Biesele, Megan. 
245 1 0 |a Once upon a Time Is Now :  |b A Kalahari Memoir. 
250 |a 1st ed. 
264 1 |a New York, NY :  |b Berghahn Books, Incorporated,  |c 2023. 
264 4 |c Ã2023. 
300 |a 1 online resource (249 pages) 
336 |a text  |b txt  |2 rdacontent 
337 |a computer  |b c  |2 rdamedia 
338 |a online resource  |b cr  |2 rdacarrier 
505 0 |a Intro -- Contents -- Figures -- Preface -- Acknowledgments -- Chapter 1 - The Rabies Run -- Chapter 2 - The Harvard Camp at Dobe -- Chapter 3 - At "Toothbrush Tree" -- Chapter 4 - You Had to Have Been There -- Chapter 5 - A Road Trip -- Chapter 6 - A Creative Community -- Chapter 7 - Ju/'hoansi, Their Neighbors, and I -- Chapter 8 - The Threads of the Sky -- Chapter 9 - Bright Night of the Soul -- Chapter 10 - Life in Death and Death in Life -- Epilogue -- References -- Index. 
588 |a Description based on publisher supplied metadata and other sources. 
590 |a Electronic reproduction. Ann Arbor, Michigan : ProQuest Ebook Central, 2024. Available via World Wide Web. Access may be limited to ProQuest Ebook Central affiliated libraries.  
655 4 |a Electronic books. 
776 0 8 |i Print version:  |a Biesele, Megan  |t Once upon a Time Is Now  |d New York, NY : Berghahn Books, Incorporated,c2023  |z 9781800738812 
797 2 |a ProQuest (Firm) 
856 4 0 |u https://ebookcentral.proquest.com/lib/matrademy/detail.action?docID=29440797  |z Click to View